000 00803nam a22002417a 4500
003 UA-OsUOA
001 59706
007 ta
008 20090415b un ||||| |||| 00| 0 ukr d
100 _aКисель
090 _a351.74(477)
_bК44
942 _cBK
040 _aUA-OsUOA
_bukr
_cUA-OsUOA
_dUA-OsUOA
245 _aАдміністративна діяльність
_bнавчальний посібник
_cМ. В. Ковалів, З. Р. Кисіль, Д. П. Калянов
300 _a432 с.
955 _a2
041 _aukr
080 _a351.74(477)
020 _a978-966-2183-19-1
260 _aК.
_bПравова єдність
_c2009
650 7 _a35 Державно-адміністративне управління. Військова справа
_2UDC
999 _c345796
_d345796